Statistics for European Geography By Letter - U

Click here to take the quiz!

General Stats

  • This quiz has been taken 638 times
    (444 since last reset)
  • The average score is 12 of 20

Answer Stats

ClueAnswer% Correct
England, Scotland, Wales
and Northern Ireland (not initials)
United Kingdom
99%
Initials of the Soviet UnionUSSR
96%
Mountain range that separates
Europe and Asia
Urals
92%
Country on the Black SeaUkraine
91%
Name for the national flag of the aboveUnion Jack
88%
The north part of IrelandUlster
75%
Animal on Scotland's coat-of-armsUnicorn
75%
Fourth biggest city of the NetherlandsUtrecht
71%
London's rapid transit systemUnderground
67%
Region in central ItalyUmbria
66%
3-letter city in Baden-Württemberg;
Birthplace of Albert Einstein
Ulm
43%
Westernmost Normandy beachUtah Beach
41%
Anglo-Dutch company whose
brands include Dove, Ben & Jerry's
Unilever
38%
French video game company that
made "Assassin's Creed"
Ubisoft
37%
Fourth biggest city of SwedenUppsala
37%
3-letter Russian city located west of
those mountains
Ufa
36%
Main art museum of Florence{Uffizi} Gallery
36%
Most important bank of
Switzerland (initials)
UBS
35%
Major city in northeastern ItalyUdine
28%
Polycentric urban area located mostly in
Poland, but also Czech Republic
Upper Silesia
14%

Score Distribution

Percentile by Number Answered

Percent of People with Each Score

Your Score History

You have not taken this quiz since the last reset